| 000 | 00625cam a22001814a 4500 | ||
|---|---|---|---|
| 005 | 20250605164342.0 | ||
| 008 | 250528s ||||||||||||||||||||||||d | ||
| 035 | _a23646 | ||
| 040 |
_aGR-AtMCL _bgre _dGR-AtMCL _eAACR2 |
||
| 245 | 1 | _aΧρήση Συστημάτων CRM και Επιπτώσεις στην Απόδοση των Επιχειρήσεων/Β' Μέρος | |
| 260 | _c2010 | ||
| 300 | _a496 | ||
| 520 | _aΕισαγωγή, ΈΡλεγχος Υποθέσεων, Πίνακες, Σχήματα. | ||
| 700 | 1 |
_aΠαπαδάκης Γεώργιος _99076 |
|
| 942 | _cDS | ||
| 999 |
_c8643 _d8643 |
||